000 00340 a2200157 4500
001 56491
020 _a9788508106653
040 _cAnchieta - Pituba
100 _aGomes, Álvaro Cardoso
240 1 0 _aDe mãos atadas
_lpor
245 1 0 _aDe mãos atadas
300 _a182
362 0 _a2007
650 4 _aLiteratura juvenil
942 _cBK
999 _c56491
_d56491